|
|
|
|
| LEADER |
00738nam a22001937a 4500 |
| 005 |
20151026132846.0 |
| 008 |
101110t xxu||||| |||| 00| 0 eng d |
| 080 |
|
|
|a 577.3
|b VOG
|
| 100 |
|
|
|a Vogtle, Fritz
|9 13729
|
| 245 |
|
|
|a Dendrimer chemistry
|b concepts,syntheses, properties,applications
|c Fritz Voglte, Gabriele Richardt and Nicole Werner
|
| 300 |
|
|
|a xi, 342p.
|
| 653 |
|
|
|a Dendrimer Chemistry
|a Dendritie molecules
|
| 700 |
|
|
|a Richardt, Gabriele
|9 13727
|
| 700 |
|
|
|a Werner, Nicole
|9 13728
|
| 942 |
|
|
|c BK
|6 _
|
| 260 |
|
|
|a Weinheim
|b Wiley-VCH
|c 2009
|9 11746
|
| 020 |
|
|
|a 9783527320660
|
| 999 |
|
|
|c 57723
|d 57723
|
| 952 |
|
|
|0 0
|1 0
|2 udc
|4 0
|6 5773_VOG
|7 0
|9 70536
|a UL
|b UL
|c GEN
|d 2010-11-10
|l 2
|o 577.3 VOG
|p 00062600
|r 2011-01-03
|s 2010-12-29
|w 2010-11-10
|y BK
|